Adivina provincia por famoso (Argentina) - Estadísticas

Estadísticas generales
  • Esta prueba ha sido intentada 43 veces
  • La puntuación promedio es 13 de 24
Estadísticas de respuestas
Imagen Respuesta % Correcto
Córdoba
94%
Santa Fe
86%
La Pampa
78%
Ciudad Autónoma de Buenos Aires
75%
Santa Cruz
75%
Corrientes
72%
La Rioja
72%
Tucumán
69%
Jujuy
61%
Salta
61%
Buenos Aires
58%
San Juan
53%
Chaco
47%
San Luis
47%
Formosa
42%
Misiones
39%
Tierra del Fuego, Antártida e Islas del Atlántico Sur
39%
Catamarca
36%
Chubut
36%
Neuquén
36%
Río Negro
36%
Entre Rios
33%
Mendoza
33%
Santiago del Estero
31%
No se encontraron pruebas coincidentes
Distribución de puntuación
Porcentaje de gente con cada puntuación
Porcentaje por número respondido
Historial de tus puntuaciones
No has intentado esta prueba.